000 00362nam a2200145Ia 4500
008 230314s9999 xx 000 0 und d
041 _aeng
082 _aA/612/SEM/B03178
100 _aSembulingam K
_9177607
245 _aViva Voce in Physiology
260 _bJaypee Brothers
_aNew Delhi
_c2003
300 _a338p
906 _bBSC
999 _c137964
_d137964